| 000 | 01713nam0a2200337 4500 | ||
|---|---|---|---|
| 001 | RU\NLR\bibl\1858088 | ||
| 005 | 20260406043523.0 | ||
| 010 | _a978-5-89407-458-0 | ||
| 010 |
_a978-5-317-03817-5 _9300 |
||
| 021 |
_aRU _b2011-102616 _97340 |
||
| 035 | _a(NLR Aleph) 001848006 | ||
| 090 |
_a2362874 _c2362874 |
||
| 100 | _a20120118d2011 |||y0rusy50 ca | ||
| 101 | 0 | _arus | |
| 102 | _aRU | ||
| 105 | _aa ||||||||| | ||
| 200 | 1 |
_aИнструментальные средства разработки ПО в OC UNIX _eучебно-методическое пособие _fГерасимов С.В., Машечкин И.В., Петровский М.И. [и др.] _gМГУ им. М.В. Ломоносова, Фак. вычисл. математики и кибернетики |
|
| 210 |
_aМосква _cМАКС Пресс _d2011 |
||
| 215 |
_a64, [1] с. _cил. _d21 |
||
| 606 | 1 |
_aGNU COMPILER COLLECTION, система программирования _jУчебно-методические пособия для высших учебных заведений _92091169 _3RU\NLR\auth\661569263 |
|
| 686 | _aЗ973.2-018.2я73-1 | ||
| 701 | 1 |
_4070 _7ca _8rus _aГерасимов _bС. В. _cматематик _f1980- _gСергей Валерьевич _997663 _3RU\NLR\auth\77114738 |
|
| 701 | 1 |
_4070 _7ca _8rus _aМашечкин _bИ. В. _f1956- _gИгорь Валерьевич _9113557 _3RU\NLR\auth\773562 |
|
| 701 | 1 |
_4070 _aПетровский _bМ. И. _f1975- _gМихаил Игоревич _9142058 _3RU\NLR\AUTH\770142094 |
|
| 801 | 0 |
_aRU _bNLR _c20120118 _gRCR |
|
| 801 | 1 |
_aRU _bNLR _c20120118 |
|
| 942 | _cBOOK | ||
| 980 | _aNB | ||
| 980 | _aNBR | ||